|
|
|
|
| LEADER |
02109nam a2200337 a 4500 |
| 001 |
GR-Patra30663 |
| 008 |
100510s2003 gr b u000 0 gre d |
| 020 |
|
|
|a 9789602182956
|
| 082 |
|
0 |
|a 519.55
|2 22
|
| 100 |
1 |
|
|a Δημέλη, Σ.
|
| 245 |
1 |
0 |
|a Σύγχρονες μέθοδοι ανάλυσης χρονολογικών σειρών /
|c Σοφία Δημέλη.
|
| 250 |
|
|
|a 3η εκδ.
|
| 260 |
|
|
|a Αθήνα :
|b Κριτική,
|c 2003
|
| 300 |
|
|
|a 254 σ. :
|b διαγρ.
|
| 490 |
1 |
|
|a Επιστημονική βιβλιοθήκη
|
| 500 |
|
|
|a Σύστημα "ΕΥΔΟΞΟΣ": αρ. εισ. 53992
|
| 504 |
|
|
|a Περιλαμβάνει βιβλιογραφία (σ. [249]-254).
|
| 610 |
|
4 |
|a Σύστημα ΕΥΔΟΞΟΣ
|
| 650 |
|
4 |
|a Ανάλυση χρονολογικών σειρών
|
| 650 |
|
4 |
|a Στατιστική
|
| 650 |
|
4 |
|a ΧΡΟΝΟΛΟΓΙΚΕΣ ΣΕΙΡΕΣ
|
| 710 |
0 |
|
|a Κριτική
|
| 830 |
|
0 |
|1 00133451
|1 2001
|a Επιστημονική Βιβλιοθήκη
|
| 942 |
|
|
|2 ddc
|
| 952 |
|
|
|0 0
|1 0
|2 ddc
|4 0
|6 519_550000000000000_ΔΗΜ
|7 0
|9 312489
|a LISK
|b LISK
|c BSC
|d 2021-01-17
|e 24
|f 0
|g 0.00
|l 0
|o 519.55 ΔΗΜ
|p 92410048685
|r 2021-01-17 00:00:00
|t 1
|w 2021-01-17
|y BK15
|x 20110824 0 1
|x GrPaTEI
|
| 952 |
|
|
|0 0
|1 0
|2 ddc
|4 0
|6 519_550000000000000_ΔΗΜ
|7 0
|9 312490
|a LISK
|b LISK
|c BSC
|d 2021-01-17
|e 24
|f 1
|g 0.00
|l 0
|o 519.55 ΔΗΜ
|p 92410048686
|r 2021-01-17 00:00:00
|t 1
|w 2021-01-17
|y BK15
|x 20110824 0 1
|x GrPaTEI
|
| 952 |
|
|
|0 0
|1 0
|2 ddc
|4 0
|6 519_550000000000000_ΔΗΜ
|7 1
|9 312492
|a LISK
|b LISK
|c BSC
|d 2021-01-17
|e 24
|f 0
|g 0.00
|l 0
|o 519.55 ΔΗΜ
|p 92410048684
|r 2021-01-17 00:00:00
|t 1
|w 2021-01-17
|y BKN
|x 20110824 0 0
|x GrPaTEI
|
| 952 |
|
|
|0 0
|1 0
|2 ddc
|4 0
|6 519_550000000000000_ΔΗΜ
|7 0
|9 312493
|a LISK
|b LISK
|c ALF
|d 2021-01-17
|e 24
|f 0
|g 0.00
|l 0
|o 519.55 ΔΗΜ
|p 92410048687
|r 2021-01-17 00:00:00
|t 1
|w 2021-01-17
|y BK15
|x 20110824 0 1
|x GrPaTEI
|
| 952 |
|
|
|0 0
|1 0
|2 ddc
|4 0
|6 519_550000000000000_ΔΗΜ
|7 0
|9 312494
|a LISK
|b LISK
|c ALF
|d 2021-01-17
|e 24
|f 0
|g 0.00
|l 0
|o 519.55 ΔΗΜ
|p 92410048688
|r 2021-01-17 00:00:00
|t 1
|w 2021-01-17
|y BK15
|x 20110824 0 1
|x GrPaTEI
|
| 971 |
|
|
|a .b26782352
|b 16-04-20
|c 26-09-16
|
| 999 |
|
|
|c 179169
|d 179169
|